ნორმალური ფორმატი
MARC ფორმატი
ჩანაწერი Corporate Name
ჩანაწერთა რაოდენობა, რომელიც გამოყენებულია: 1
001 - CONTROL NUMBER
- control field: 24179
003 - CONTROL NUMBER IDENTIFIER
- control field: GE_BSU
005 - DATE AND TIME OF LATEST TRANSACTION
- control field: 20250129172247.0
008 - FIXED-LENGTH DATA ELEMENTS
- fixed length control field: 250129|| aca||aabn | a|a d
040 ## - CATALOGING SOURCE
- Original cataloging agency: GE_BSU
- Transcribing agency: GE_BSU
110 ## - HEADING--CORPORATE NAME
- Corporate name or jurisdiction name as entry element: საქ. პარლამენტის ეროვნული ბიბ-კა. პარლამენტის სამეცნიერო-საინფორმაციო უზრუნველყოფის განყ-ბა
670 ## - SOURCE DATA FOUND
- Source citation: Work cat.: (GE_BSU): შოშიტაშვილი, ნოდარ. 18031, საქართველოს "საძიებლად" თურქეთში :
